| 000 | 00663nam a2200205 a 4500 | ||
|---|---|---|---|
| 005 | 20140310183541.0 | ||
| 008 | 111011s19uu xx 00 eng d | ||
| 010 | _a2007932988 | ||
| 020 | _a9781412919661 | ||
| 050 |
_aLC 4718 _b.P58 2007 |
||
| 100 | _aPittman, Mary | ||
| 245 |
_aHelping children with autistic spectrum disorders to learn / _cMary Pittman. |
||
| 260 |
_aLondon : Thousand Oaks, CA : _bPCP, _c2007. |
||
| 300 |
_axiv, 129 p. : _bill. ; _c30 cm. |
||
| 500 | _aIncludes bibliographical references (p. 125-126) and index. | ||
| 521 | _aEDU | ||
| 650 |
_aAutistic children _xEducation _zUnited States |
||
| 942 |
_cBK _2lcc _kFOR |
||
| 999 |
_c24793 _d24793 |
||